00320nam a2200109Ia 4500008004000000082001500040100001800055245003000073260003900103300001100142650005700153210210b1968 xxu||||| |||| 00| 0 eng d a303.6 GHUS aGHURYE (G S). aSocial tensions in India. aBombay.bPopular Prakashan.,c1968 axi,552 aMinorities Riots Linguistic Integration Solidarity